Introduction to Qualitative Analysis

Bibliographic Details
Main Author: Layde, Durward C
Format: Section = Libro
Language:Undetermined
Spanish
Published: United States Allyn and Bacon 1961
Subjects:
LEADER 00486nam a2200181Ia 4500
008 240830s9999 xx 000 0 und d
040 |a CEDOC FIQ-RUSB / 543 L427 
041 |a spa 
082 |a 543 L427 
100 1 |a Layde, Durward C 
245 1 0 |a Introduction to Qualitative Analysis 
260 |a United States  |b Allyn and Bacon  |c 1961 
300 |a 350 p.: il. 
650 7 |a QUÍMICA ANALíTICA 
650 7 |b  AGUA COMO ÁCIDO Y COMO BASE 
942 |c BK  |2 ddc 
991 |a TEXTO 
999 |c 13707